[Event "OP-2022-0-05349"]
[Site "LSS email"]
[Date "2022.11.03"]
[Round "?"]
[White "Cordes, Michael"]
[Black "Johanson, Frans"]
[Result "1-0"]
[WhiteElo "1156"]
[BlackElo "1768"]
[PlyCount "79"]
[EventDate "2022.10.29"]
[EventType "tourn (corr)"]
[EventRounds "4"]
[EventCountry "GER"]
[SourceTitle "Corr 2024"]
[Source "ChessBase"]
[SourceDate "2023.10.19"]
[SourceVersion "1"]
[SourceVersionDate "2023.10.19"]
[SourceQuality "1"]

1. g3 g6 2. Bg2 Bg7 3. d4 d5 4. Nf3 Nf6 5. c4 c6 6. 0-0 0-0 7. Nbd2 Bf5 8. b3 Nbd7 9. Nh4 Be6 10. e3 Bg4 11. Qc2 e5 12. dxe5 Nxe5 13. Bb2 Re8 14. f4 Ned7 15. Rfe1 Nb6 16. Rac1 dxc4 17. bxc4 Qe7 18. c5 Nbd5 19. Be5 Red8 20. Bd6 Rxd6 21. cxd6 Qxd6 22. Nc4 Qb4 23. e4 Nb6 24. Ne3 Bd7 25. e5 Ng4 26. Nxg4 Bxg4 27. f5 Bxe5 28. fxg6 hxg6 29. Kh1 Qa5 30. Rf1 Be6 31. Nxg6 Rd8 32. Qe4 Nd7 33. Ne7+ Kf8 34. Nf5 Bf6 35. Nd6 Rb8 36. Qh7 Ke7 37. Qd3 Kf8 38. Rce1 Ne5 39. Qh7 Bg7 40. h4 1-0

[Event "OP-2022-0-05349"]
[Site "LSS email"]
[Date "2022.11.03"]
[Round "?"]
[White "Farr, Dorota"]
[Black "Johanson, Frans"]
[Result "1-0"]
[WhiteElo "1580"]
[BlackElo "1768"]
[PlyCount "43"]
[EventDate "2022.10.29"]
[EventType "tourn (corr)"]
[EventRounds "4"]
[EventCountry "GER"]
[SourceTitle "Corr 2024"]
[Source "ChessBase"]
[SourceDate "2023.10.19"]
[SourceVersion "1"]
[SourceVersionDate "2023.10.19"]
[SourceQuality "1"]

1. d4 d5 2. e4 dxe4 3. Nc3 Nf6 4. f3 exf3 5. Nxf3 e6 6. Bg5 Be7 7. Qd2 0-0 8. Bd3 Nc6 9. a3 a6 10. 0-0-0 Rb8 11. Qf4 Nh5 12. Qh4 Bxg5+ 13. Nxg5 g6 14. g4 h6 15. gxh5 hxg5 16. Qg3 gxh5 17. Ne4 f6 18. Rdf1 g4 19. h3 f5 20. hxg4 h4 21. Qf4 fxe4 22. Qh6 1-0

[Event "OP-2022-0-05325"]
[Site "LSS email"]
[Date "2022.09.07"]
[Round "?"]
[White "Johanson, Frans"]
[Black "Correa de Almeida, Claudio"]
[Result "1-0"]
[WhiteElo "1757"]
[BlackElo "1445"]
[PlyCount "77"]
[EventDate "2022.09.01"]
[EventType "tourn (corr)"]
[EventRounds "4"]
[EventCountry "GER"]
[SourceTitle "Corr 2024"]
[Source "ChessBase"]
[SourceDate "2023.10.19"]
[SourceVersion "1"]
[SourceVersionDate "2023.10.19"]
[SourceQuality "1"]

1. d4 d5 2. c4 c6 3. Nf3 Nf6 4. e3 Bf5 5. Nc3 a6 6. Bd3 Bxd3 7. Qxd3 e6 8. 0-0 Be7 9. e4 0-0 10. Bf4 dxc4 11. Qxc4 Nbd7 12. Rfd1 h6 13. Qe2 Qb6 14. Rd2 a5 15. Rad1 Rfe8 16. Ne5 a4 17. Rd3 a3 18. Rg3 axb2 19. Bxh6 g6 20. Nxg6 fxg6 21. e5 Kh8 22. Rxg6 Rg8 23. Rxg8+ Rxg8 24. exf6 Nxf6 25. Qxe6 Bd8 26. Bf4 Qa5 27. Qb3 Bc7 28. Bxc7 Qxc7 29. Qxb2 Qg7 30. g3 Rf8 31. Re1 b5 32. Re5 Qh7 33. Qb4 Rg8 34. Re7 Rg7 35. Rxg7 Kxg7 36. Qe7+ Kg6 37. Qxh7+ Kxh7 38. d5 cxd5 39. Nxb5 1-0

[Event "OP-2022-0-05317"]
[Site "LSS email"]
[Date "2022.08.18"]
[Round "?"]
[White "Johanson, Frans"]
[Black "Vasseur, Olivier"]
[Result "1-0"]
[WhiteElo "1763"]
[BlackElo "1728"]
[PlyCount "67"]
[EventDate "2022.08.11"]
[EventType "tourn (corr)"]
[EventRounds "4"]
[EventCountry "GER"]
[SourceTitle "Corr 2024"]
[Source "ChessBase"]
[SourceDate "2023.10.19"]
[SourceVersion "1"]
[SourceVersionDate "2023.10.19"]
[SourceQuality "1"]

1. d4 Nf6 2. c4 g6 3. Nc3 Bg7 4. e4 d6 5. Nf3 0-0 6. Be2 Nc6 7. d5 Nb8 8. 0-0 Bg4 9. h3 Bd7 10. Be3 e6 11. Rc1 a5 12. dxe6 Bxe6 13. c5 d5 14. Ng5 Nc6 15. Nxe6 fxe6 16. exd5 exd5 17. Bf3 d4 18. Qb3+ Kh8 19. Rfd1 Nh5 20. Qxb7 Qh4 21. Qxc6 dxe3 22. fxe3 Rae8 23. Rd3 Ng3 24. Rcd1 Be5 25. a3 Nf5 26. e4 Ng3 27. Qa4 Rb8 28. Qc2 Rbd8 29. Rd5 Rxd5 30. Nxd5 h5 31. b4 Kh7 32. Nxc7 Qf4 33. Nd5 Qh6 34. Qd2 1-0

[Event "OP-2022-0-05300"]
[Site "LSS email"]
[Date "2022.06.19"]
[Round "?"]
[White "Johanson, Frans"]
[Black "Heiser, Jerome"]
[Result "1-0"]
[WhiteElo "1768"]
[BlackElo "644"]
[PlyCount "29"]
[EventDate "2022.06.12"]
[EventType "tourn (corr)"]
[EventRounds "4"]
[EventCountry "GER"]
[SourceTitle "Corr 2024"]
[Source "ChessBase"]
[SourceDate "2023.10.19"]
[SourceVersion "1"]
[SourceVersionDate "2023.10.19"]
[SourceQuality "1"]

1. d4 d5 2. c4 Nf6 3. Nf3 Bf5 4. cxd5 Nxd5 5. Nbd2 Nf6 6. g3 Nc6 7. Bg2 e6 8. 0-0 Bb4 9. Ne5 Qd6 10. Ndc4 Qxd4 11. Bxc6+ bxc6 12. Qxd4 c5 13. Qh4 0-0-0 14. a3 Kb7 15. axb4 1-0

[Event "OP-2022-0-05268"]
[Site "LSS email"]
[Date "2022.03.10"]
[Round "?"]
[White "Johanson, Frans"]
[Black "Cerne, Peter"]
[Result "1/2-1/2"]
[WhiteElo "1780"]
[BlackElo "1450"]
[PlyCount "118"]
[EventDate "2022.03.09"]
[EventType "tourn (corr)"]
[EventRounds "4"]
[EventCountry "GER"]
[SourceTitle "Corr 2024"]
[Source "ChessBase"]
[SourceDate "2023.10.19"]
[SourceVersion "1"]
[SourceVersionDate "2023.10.19"]
[SourceQuality "1"]

1. d4 Nf6 2. c4 e6 3. Nf3 b6 4. g3 Ba6 5. b3 c5 6. Bg2 Bb7 7. 0-0 cxd4 8. Bb2 Bc5 9. Bxd4 0-0 10. Nc3 d6 11. Nb5 Nc6 12. Bxc5 dxc5 13. Ne5 Nxe5 14. Bxb7 Rb8 15. Qxd8 Rfxd8 16. Rad1 g5 17. Bg2 a5 18. h3 a4 19. f4 gxf4 20. gxf4 Ng6 21. e3 axb3 22. axb3 Kf8 23. Kf2 h5 24. Bf3 h4 25. Rg1 e5 26. fxe5 Nxe5 27. Nc3 Rxd1 28. Rxd1 Ke7 29. Bg2 Rg8 30. Na4 Nfd7 31. Nc3 Nf6 32. Na4 Rg6 33. Nc3 Rg3 34. Rd2 Rg5 35. Bb7 Rf5+ 36. Ke2 Rg5 37. Kf2 Rg3 38. Bg2 Ke6 39. Ne2 Rg8 40. Bf3 Nxf3 41. Kxf3 Ke5 42. Rd1 Re8 43. Nf4 Rg8 44. Ne2 Ra8 45. Nf4 Ra3 46. b4 cxb4 47. Nd3+ Ke6 48. Nxb4 Ra4 49. Nd5 Rxc4 50. Nxf6 Kxf6 51. Rd6+ Kg5 52. Rxb6 Rc2 53. Rb5+ f5 54. e4 Rc3+ 55. Kg2 Rg3+ 56. Kh2 Rf3 57. Kg2 Rg3+ 58. Kh2 Rf3 59. Kg2 Rg3+ 1/2-1/2

[Event "OP-2022-0-05236"]
[Site "LSS email"]
[Date "2022.01.18"]
[Round "?"]
[White "Johanson, Frans"]
[Black "Koehler, Hans Christian"]
[Result "1-0"]
[WhiteElo "1778"]
[BlackElo "1418"]
[PlyCount "67"]
[EventDate "2021.12.28"]
[EventType "tourn (corr)"]
[EventRounds "4"]
[EventCountry "GER"]
[SourceTitle "Corr 2024"]
[Source "ChessBase"]
[SourceDate "2023.10.19"]
[SourceVersion "1"]
[SourceVersionDate "2023.10.19"]
[SourceQuality "1"]

1. d4 Nf6 2. c4 e6 3. Nf3 b6 4. g3 Bb7 5. Bg2 Bb4+ 6. Bd2 a5 7. 0-0 Be7 8. Nc3 d5 9. Ne5 0-0 10. Rc1 Na6 11. cxd5 Nxd5 12. Nxd5 Bxd5 13. Nc6 Bxc6 14. Bxc6 Ra7 15. Qa4 Nb4 16. Bxb4 Bxb4 17. Rc4 Be7 18. e4 e5 19. dxe5 Qd2 20. Rc2 Qb4 21. Rd1 Rd8 22. Rxd8+ Bxd8 23. Rc4 Qxa4 24. Rxa4 Be7 25. Rd4 Kf8 26. Rd7 f6 27. exf6 gxf6 28. a4 Kf7 29. f4 Kf8 30. Kg2 Kf7 31. Kh3 Ke6 32. Kg4 h6 33. f5+ Kf7 34. Kh5 1-0

[Event "OP-2022-0-05236"]
[Site "LSS email"]
[Date "2022.01.18"]
[Round "?"]
[White "Rasmussen, Bo"]
[Black "Johanson, Frans"]
[Result "1-0"]
[WhiteElo "2141"]
[BlackElo "1778"]
[PlyCount "93"]
[EventDate "2021.12.28"]
[EventType "tourn (corr)"]
[EventRounds "4"]
[EventCountry "GER"]
[SourceTitle "Corr 2024"]
[Source "ChessBase"]
[SourceDate "2023.10.19"]
[SourceVersion "1"]
[SourceVersionDate "2023.10.19"]
[SourceQuality "1"]

1. d4 d5 2. c4 c6 3. Nf3 Nf6 4. Nc3 e6 5. Bg5 h6 6. Bxf6 Qxf6 7. e3 Bd6 8. Qc2 0-0 9. Bd3 Nd7 10. 0-0 Qe7 11. Rfd1 dxc4 12. Bxc4 b6 13. e4 Bb7 14. e5 Bc7 15. Qe4 Rab8 16. Bd3 f5 17. exf6 Nxf6 18. Qe2 Rbd8 19. Bc4 Nd5 20. Nxd5 cxd5 21. Bd3 Bd6 22. Rac1 Qf6 23. Bb5 Rf7 24. Rd3 Rc8 25. Rxc8+ Bxc8 26. g3 Rc7 27. Re3 Qg6 28. Bd3 Qg4 29. Qe1 Rf7 30. Be2 Qf5 31. Kg2 Rf8 32. Bd3 Qf6 33. Qe2 g5 34. h3 Kg7 35. b4 Bd7 36. a4 Kg8 37. Bb5 Bc8 38. a5 Qf7 39. a6 Qc7 40. h4 gxh4 41. Nxh4 Bxb4 42. Ng6 Rf7 43. Ne5 Rf8 44. Qh5 Bd2 45. Rf3 Rxf3 46. Nxf3 Bb4 47. Qe8+ 1-0

[Event "OP-2021-0-05232"]
[Site "LSS email"]
[Date "2021.12.22"]
[Round "?"]
[White "Swiatek, Janusz"]
[Black "Johanson, Frans"]
[Result "1-0"]
[WhiteElo "1773"]
[BlackElo "1791"]
[PlyCount "91"]
[EventDate "2021.12.20"]
[EventType "tourn (corr)"]
[EventRounds "4"]
[EventCountry "GER"]
[SourceTitle "Corr 2024"]
[Source "ChessBase"]
[SourceDate "2023.10.19"]
[SourceVersion "1"]
[SourceVersionDate "2023.10.19"]
[SourceQuality "1"]

1. e4 e5 2. Nf3 Nf6 3. Nxe5 d6 4. Nf3 Nxe4 5. d4 Be7 6. Bd3 d5 7. 0-0 0-0 8. c4 Nf6 9. Nc3 Nc6 10. Re1 Bg4 11. cxd5 Nxd5 12. h3 Be6 13. Bc2 Re8 14. Qd3 g6 15. Qd1 Na5 16. Rxe6 fxe6 17. Ne4 Nb4 18. Ba4 Nbc6 19. Bh6 a6 20. Rc1 Qd5 21. Qe1 b5 22. Rc5 Qd8 23. Qc3 Bxc5 24. dxc5 Re7 25. Nf6+ Kh8 26. Bc2 e5 27. Be4 b4 28. Qe3 Rb8 29. Ng4 Qd7 30. b3 Rc8 31. Nf6 Qd8 32. Nd5 Rg7 33. h4 Qd7 34. h5 gxh5 35. Nf6 Qd1+ 36. Kh2 Rf7 37. Qg5 Qd8 38. Qf5 Qxf6 39. Qxc8+ Qd8 40. Qh3 Qf6 41. Qxh5 Rg7 42. Bxg7+ Kxg7 43. Qxh7+ Kf8 44. g3 Ne7 45. Qh5 Nac6 46. Kg2 1-0

[Event "OP-2021-0-05203"]
[Site "LSS email"]
[Date "2021.10.26"]
[Round "?"]
[White "Ederer, Karel"]
[Black "Johanson, Frans"]
[Result "1-0"]
[WhiteElo "1917"]
[BlackElo "1794"]
[PlyCount "61"]
[EventDate "2021.10.20"]
[EventType "tourn (corr)"]
[EventRounds "4"]
[EventCountry "GER"]
[SourceTitle "Corr 2024"]
[Source "ChessBase"]
[SourceDate "2023.10.19"]
[SourceVersion "1"]
[SourceVersionDate "2023.10.19"]
[SourceQuality "1"]

1. d4 d5 2. c4 Nf6 3. Nf3 c6 4. Nc3 e6 5. Bg5 h6 6. Bxf6 Qxf6 7. e3 g6 8. Bd3 Bg7 9. 0-0 0-0 10. e4 dxe4 11. Nxe4 Qd8 12. c5 Bxd4 13. Nxd4 Qxd4 14. Qc2 Nd7 15. Rad1 Qg7 16. Rfe1 Nf6 17. Nd6 Nd5 18. Bc4 Rd8 19. Bxd5 cxd5 20. Rd3 b6 21. Rf3 f5 22. g4 Kh7 23. gxf5 gxf5+ 24. Rg3 Qf6 25. cxb6 axb6 26. Qc7+ Bd7 27. Kh1 d4 28. Reg1 Rab8 29. a4 e5 30. f3 d3 31. R3g2 1-0

[Event "OP-2021-0-05189"]
[Site "LSS email"]
[Date "2021.09.20"]
[Round "?"]
[White "Johanson, Frans"]
[Black "Maly, Marian"]
[Result "1-0"]
[WhiteElo "1805"]
[BlackElo "764"]
[PlyCount "33"]
[EventDate "2021.09.17"]
[EventType "tourn (corr)"]
[EventRounds "4"]
[EventCountry "GER"]
[SourceTitle "Corr 2024"]
[Source "ChessBase"]
[SourceDate "2023.10.19"]
[SourceVersion "1"]
[SourceVersionDate "2023.10.19"]
[SourceQuality "1"]

1. d4 d5 2. c4 dxc4 3. Nf3 Nf6 4. e3 Bg4 5. Bxc4 Nc6 6. Qb3 e6 7. Qxb7 Na5 8. Bb5+ Nd7 9. Bxd7+ Kxd7 10. Ne5+ Ke8 11. Qa6 Bb4+ 12. Bd2 Bxd2+ 13. Nxd2 Qd5 14. e4 Qxd4 15. Qxa5 Bh5 16. 0-0 Qxd2 17. Qxd2 1-0

[Event "OP-2021-0-05175"]
[Site "LSS email"]
[Date "2021.08.14"]
[Round "?"]
[White "Johanson, Frans"]
[Black "Hoppe, Arnold"]
[Result "0-1"]
[WhiteElo "1828"]
[BlackElo "1853"]
[PlyCount "92"]
[EventDate "2021.08.09"]
[EventType "tourn (corr)"]
[EventRounds "4"]
[EventCountry "GER"]
[SourceTitle "Corr 2024"]
[Source "ChessBase"]
[SourceDate "2023.10.19"]
[SourceVersion "1"]
[SourceVersionDate "2023.10.19"]
[SourceQuality "1"]

1. d4 Nf6 2. c4 e6 3. Nf3 d5 4. Nc3 Bb4 5. e3 0-0 6. Bd3 dxc4 7. Bxc4 c5 8. 0-0 Nbd7 9. a3 Ba5 10. Qc2 cxd4 11. exd4 Bxc3 12. bxc3 b6 13. Bf4 Bb7 14. Be2 Nd5 15. Bd6 Re8 16. c4 Ne7 17. Bf4 Nf5 18. Rad1 Qf6 19. Qa4 Nf8 20. Bg5 Qg6 21. Bc1 Be4 22. Rfe1 e5 23. dxe5 Ne6 24. g3 Rac8 25. Qxa7 h5 26. Qxb6 h4 27. Nd2 Ba8 28. Bf3 Rb8 29. Qa5 hxg3 30. Bxa8 Rxa8 31. Qc3 gxh2+ 32. Kh1 Rad8 33. Nf3 Rxd1 34. Rxd1 Qg4 35. Kxh2 Nh4 36. Nxh4 Qxd1 37. Nf5 Rd8 38. Ng3 g5 39. Qb2 Nd4 40. e6 g4 41. Kg2 fxe6 42. Be3 Nf3 43. Ne2 Nh4+ 44. Kg3 Nf5+ 45. Kxg4 Nxe3+ 46. fxe3 Rf8 0-1

[Event "OP-2021-0-05167"]
[Site "LSS email"]
[Date "2021.07.26"]
[Round "?"]
[White "Johanson, Frans"]
[Black "Van Boven, Maarten"]
[Result "1/2-1/2"]
[WhiteElo "1835"]
[BlackElo "1850"]
[PlyCount "42"]
[EventDate "2021.07.22"]
[EventType "tourn (corr)"]
[EventRounds "4"]
[EventCountry "GER"]
[SourceTitle "Corr 2024"]
[Source "ChessBase"]
[SourceDate "2023.10.19"]
[SourceVersion "1"]
[SourceVersionDate "2023.10.19"]
[SourceQuality "1"]

1. d4 d5 2. c4 c6 3. Nf3 Nf6 4. e3 g6 5. Nc3 Bg7 6. Bd3 0-0 7. 0-0 Bg4 8. h3 Bxf3 9. Qxf3 e6 10. b3 Re8 11. Bb2 Qe7 12. Rfd1 Nbd7 13. Qe2 Red8 14. Rac1 e5 15. cxd5 exd4 16. exd4 Qxe2 17. Bxe2 cxd5 18. Bf3 Nf8 19. g3 Ne6 20. h4 h5 21. Kg2 Bh6 1/2-1/2

[Event "OP-2021-0-05167"]
[Site "LSS email"]
[Date "2021.07.26"]
[Round "?"]
[White "PVlV, Leg"]
[Black "Johanson, Frans"]
[Result "0-1"]
[WhiteElo "800"]
[BlackElo "1835"]
[PlyCount "54"]
[EventDate "2021.07.22"]
[EventType "tourn (corr)"]
[EventRounds "4"]
[EventCountry "GER"]
[SourceTitle "Corr 2024"]
[Source "ChessBase"]
[SourceDate "2023.10.19"]
[SourceVersion "1"]
[SourceVersionDate "2023.10.19"]
[SourceQuality "1"]

1. d4 d5 2. c4 c6 3. e3 Nf6 4. Nf3 Bf5 5. cxd5 cxd5 6. Bb5+ Nc6 7. Ne5 Rc8 8. Nc3 Nd7 9. Nxd5 Ndxe5 10. dxe5 Be4 11. Bxc6+ Rxc6 12. Nf4 Qxd1+ 13. Kxd1 g5 14. f3 Bc2+ 15. Ke2 gxf4 16. exf4 Ba4 17. Be3 Rc2+ 18. Kd3 Rxg2 19. Rac1 Rxb2 20. Rc8+ Kd7 21. Rhc1 Bb5+ 22. Kd4 Bc6 23. Ra8 Rxa2 24. e6+ fxe6 25. Kc4 b5+ 26. Kb3 Bd5+ 27. Kb4 Bxa8 0-1

[Event "OP-2021-0-05156"]
[Site "LSS email"]
[Date "2021.06.22"]
[Round "?"]
[White "Johanson, Frans"]
[Black "Martin, Simone"]
[Result "1-0"]
[WhiteElo "1839"]
[BlackElo "1804"]
[PlyCount "47"]
[EventDate "2021.06.20"]
[EventType "tourn (corr)"]
[EventRounds "4"]
[EventCountry "GER"]
[SourceTitle "Corr 2024"]
[Source "ChessBase"]
[SourceDate "2023.10.19"]
[SourceVersion "1"]
[SourceVersionDate "2023.10.19"]
[SourceQuality "1"]

1. d4 Nf6 2. c4 c6 3. Nc3 d5 4. e3 e6 5. Nf3 a6 6. b3 Bb4 7. Bd2 0-0 8. Bd3 Nbd7 9. 0-0 Bd6 10. Qc2 e5 11. cxd5 cxd5 12. e4 exd4 13. Nxd5 Nxd5 14. exd5 Nf6 15. h3 Bd7 16. Rad1 h6 17. Nxd4 Rc8 18. Qb2 Be5 19. f4 Bd6 20. Nf5 Bxf5 21. Bxf5 Rc5 22. Bc3 Nh5 23. Bg4 Ng3 24. Bxg7 1-0

[Event "OP-2021-0-05131"]
[Site "LSS email"]
[Date "2021.04.19"]
[Round "?"]
[White "Johanson, Frans"]
[Black "Farr, Dorota"]
[Result "1/2-1/2"]
[WhiteElo "1853"]
[BlackElo "1568"]
[PlyCount "97"]
[EventDate "2021.04.09"]
[EventType "tourn (corr)"]
[EventRounds "4"]
[EventCountry "GER"]
[SourceTitle "Corr 2024"]
[Source "ChessBase"]
[SourceDate "2023.10.19"]
[SourceVersion "1"]
[SourceVersionDate "2023.10.19"]
[SourceQuality "1"]

1. d4 d5 2. c4 c6 3. Nf3 Nf6 4. e3 Bf5 5. Nc3 e6 6. Nh4 Bg6 7. Nxg6 hxg6 8. Bd2 Nbd7 9. g3 Bb4 10. cxd5 exd5 11. Bg2 Nb6 12. 0-0 Nc4 13. a3 Ba5 14. b4 Bb6 15. Bc1 0-0 16. Qd3 Nd6 17. a4 Re8 18. a5 Bc7 19. Ra2 Qd7 20. f3 Rad8 21. e4 dxe4 22. fxe4 Nb5 23. Nxb5 cxb5 24. Rd2 b6 25. a6 Qe6 26. d5 Qe7 27. Qxb5 Nxe4 28. Re2 f5 29. Bxe4 fxe4 30. Kg2 Bd6 31. Bf4 Kh7 32. Bxd6 Rxd6 33. Rf4 e3 34. Qd3 Qd7 35. Rh4+ Kg8 36. Rxe3 Rxe3 37. Qxe3 Rxd5 38. Qb3 Qe6 39. Qa2 b5 40. Rd4 Rd6 41. Qxe6+ Rxe6 42. Rd5 Rxa6 43. Rxb5 Ra2+ 44. Kh3 Rb2 45. g4 a6 46. Ra5 Rxb4 47. Rxa6 g5 48. Ra3 Kh7 49. Kg3 1/2-1/2

[Event "OP-2021-0-05102"]
[Site "LSS email"]
[Date "2021.02.17"]
[Round "?"]
[White "Johanson, Frans"]
[Black "Stelmes, Santana"]
[Result "1/2-1/2"]
[WhiteElo "1873"]
[BlackElo "1747"]
[PlyCount "108"]
[EventDate "2021.02.15"]
[EventType "tourn (corr)"]
[EventRounds "4"]
[EventCountry "GER"]
[SourceTitle "Corr 2022"]
[Source "ChessBase"]
[SourceDate "2021.10.24"]
[SourceVersion "1"]
[SourceVersionDate "2021.10.24"]
[SourceQuality "1"]

1. d4 e6 2. c4 Nf6 3. Nf3 d5 4. Nc3 c6 5. e3 Nbd7 6. Bd3 dxc4 7. Bxc4 b5 8. Bd3 Bb7 9. 0-0 a6 10. e4 c5 11. d5 Qc7 12. dxe6 fxe6 13. Bc2 c4 14. Ng5 Nc5 15. e5 Qxe5 16. Re1 Qd6 17. Qxd6 Bxd6 18. Be3 0-0 19. Rad1 Nd3 20. Bxd3 cxd3 21. Rxd3 Bd5 22. Nxe6 Bxh2+ 23. Kxh2 Bxe6 24. Rd6 Rfe8 25. Bd2 Bc4 26. Rxe8+ Rxe8 27. b3 b4 28. bxc4 bxc3 29. Bxc3 Ne4 30. Rd3 Nxf2 31. Rd7 Ng4+ 32. Kg1 g6 33. Rg7+ Kf8 34. Rxh7 Re2 35. Rh3 Re4 36. Rh8+ Kf7 37. Rh7+ Ke6 38. Ra7 Kf5 39. Rxa6 Re2 40. Ra8 Rc2 41. Be1 Rc1 42. Re8 Rxc4 43. Re2 g5 44. Kf1 Rc1 45. g3 Ne5 46. Kg2 Nd3 47. Ba5 Rc4 48. Rd2 Nc5 49. Kh3 Ne4 50. Rb2 Ra4 51. Bb4 Ra7 52. a3 g4+ 53. Kg2 Rd7 54. Ra2 Rd3 1/2-1/2

[Event "OP-2021-0-05089"]
[Site "LSS email"]
[Date "2021.01.25"]
[Round "?"]
[White "Johanson, Frans"]
[Black "Shim Ng Min, Francis"]
[Result "1-0"]
[WhiteElo "1862"]
[BlackElo "1136"]
[PlyCount "36"]
[EventDate "2021.01.25"]
[EventType "tourn (corr)"]
[EventRounds "4"]
[EventCountry "GER"]
[SourceTitle "Corr 2024"]
[Source "ChessBase"]
[SourceDate "2023.10.19"]
[SourceVersion "1"]
[SourceVersionDate "2023.10.19"]
[SourceQuality "1"]

1. d4 Nf6 2. c4 e6 3. Nc3 Bb4 4. Nf3 0-0 5. e3 d5 6. Bd3 dxc4 7. Bxc4 c5 8. 0-0 cxd4 9. exd4 Nc6 10. a3 Be7 11. Bf4 Nd5 12. Bxd5 exd5 13. Qb3 Bf6 14. Nxd5 Nxd4 15. Nxd4 Bxd4 16. Rad1 Bb6 17. Qg3 Bf5 18. Rfe1 Rc8 1-0

[Event "OP-2020-0-05047"]
[Site "LSS email"]
[Date "2020.11.03"]
[Round "?"]
[White "Heiser, Jerome"]
[Black "Johanson, Frans"]
[Result "0-1"]
[WhiteElo "472"]
[BlackElo "1865"]
[PlyCount "46"]
[EventDate "2020.11.03"]
[EventType "tourn (corr)"]
[EventRounds "4"]
[EventCountry "GER"]
[SourceTitle "Corr 2022"]
[Source "ChessBase"]
[SourceDate "2021.10.24"]
[SourceVersion "1"]
[SourceVersionDate "2021.10.24"]
[SourceQuality "1"]

1. e4 e5 2. Nf3 Nf6 3. Nxe5 d6 4. Nxf7 Kxf7 5. Bc4+ d5 6. exd5 Bd6 7. 0-0 Rf8 8. h3 Kg8 9. Nc3 a6 10. d3 Qe8 11. d4 Qg6 12. Bd3 Bf5 13. Re1 Nbd7 14. Qf3 Bxd3 15. Qxd3 Qxd3 16. cxd3 Nb6 17. g3 Nfxd5 18. Ne4 Nb4 19. Nxd6 cxd6 20. Re7 Rae8 21. Rxb7 Re1+ 22. Kg2 Nxd3 23. Rxb6 Rxf2# 0-1

[Event "OP-2020-0-05047"]
[Site "LSS email"]
[Date "2020.11.03"]
[Round "?"]
[White "Johanson, Frans"]
[Black "Puertas, Francisco Javier"]
[Result "1/2-1/2"]
[WhiteElo "1865"]
[BlackElo "1688"]
[PlyCount "90"]
[EventDate "2020.11.03"]
[EventType "tourn (corr)"]
[EventRounds "4"]
[EventCountry "GER"]
[SourceTitle "Corr 2022"]
[Source "ChessBase"]
[SourceDate "2021.10.24"]
[SourceVersion "1"]
[SourceVersionDate "2021.10.24"]
[SourceQuality "1"]

1. d4 d5 2. c4 c6 3. Nf3 Nf6 4. e3 Bf5 5. Nc3 e6 6. Bd3 Bxd3 7. Qxd3 Nbd7 8. 0-0 Bb4 9. Bd2 a5 10. a3 Be7 11. Rfe1 0-0 12. e4 dxe4 13. Nxe4 Nxe4 14. Qxe4 Qb6 15. Qc2 Rfd8 16. Rad1 Qc7 17. g3 h6 18. Bf4 Bd6 19. Bxd6 Qxd6 20. c5 Qc7 21. Nd2 b5 22. Ne4 Nf6 23. Nxf6+ gxf6 24. Qd2 Kh7 25. Re4 Rg8 26. Rde1 a4 27. Rh4 Rg6 28. Ree4 Kg7 29. Reg4 Rh8 30. Re4 Rg5 31. Rhg4 Qd8 32. h4 Rg6 33. Rxg6+ Kxg6 34. h5+ Kxh5 35. Qd3 f5 36. g4+ Kg6 37. gxf5+ exf5 38. Rg4+ Kf6 39. Qf3 Qd5 40. Qxd5 cxd5 41. Rh4 Kg5 42. Rh3 f4 43. Kg2 Kf5 44. Kf3 h5 45. c6 Ke6 1/2-1/2

[Event "OP-2020-0-05034"]
[Site "LSS email"]
[Date "2020.10.13"]
[Round "?"]
[White "Johanson, Frans"]
[Black "Nowak, Andrzej"]
[Result "1/2-1/2"]
[WhiteElo "1870"]
[BlackElo "1602"]
[PlyCount "96"]
[EventDate "2020.10.09"]
[EventType "tourn (corr)"]
[EventRounds "4"]
[EventCountry "GER"]
[SourceTitle "Corr 2022"]
[Source "ChessBase"]
[SourceDate "2021.10.24"]
[SourceVersion "1"]
[SourceVersionDate "2021.10.24"]
[SourceQuality "1"]

1. d4 Nf6 2. c4 e6 3. Nf3 b6 4. g3 Bb4+ 5. Bd2 a5 6. Bg2 Bb7 7. 0-0 0-0 8. Bf4 Be7 9. Nc3 Ne4 10. Qc2 Nxc3 11. Qxc3 d6 12. Rfe1 Nd7 13. Qc2 Rb8 14. e4 Bf6 15. Rad1 Qe8 16. e5 dxe5 17. dxe5 Be7 18. Ng5 Bxg5 19. Bxb7 Bxf4 20. Bc6 Qe7 21. Bxd7 Rfd8 22. Qa4 Bh6 23. Qc6 Qc5 24. Qxc5 bxc5 25. b3 Kf8 26. Rd3 g5 27. Red1 g4 28. Bc6 Rxd3 29. Rxd3 Bg7 30. Re3 Ke7 31. Re2 h5 32. h3 Rh8 33. Bh1 gxh3 34. f4 Rg8 35. Kh2 Bh6 36. Kxh3 h4 37. Kxh4 Bxf4 38. gxf4 Rh8+ 39. Kg3 Rxh1 40. a4 Rd1 41. Kf3 Rd3+ 42. Re3 Rxe3+ 43. Kxe3 f5 44. exf6+ Kxf6 45. Ke4 c6 46. Kf3 Kf5 47. Ke3 e5 48. fxe5 Kxe5 1/2-1/2

[Event "OP-2020-0-05034"]
[Site "LSS email"]
[Date "2020.10.13"]
[Round "?"]
[White "Zyskowski, Krzysztof"]
[Black "Johanson, Frans"]
[Result "1/2-1/2"]
[WhiteElo "1280"]
[BlackElo "1870"]
[PlyCount "69"]
[EventDate "2020.10.09"]
[EventType "tourn (corr)"]
[EventRounds "4"]
[EventCountry "GER"]
[SourceTitle "Corr 2022"]
[Source "ChessBase"]
[SourceDate "2021.10.24"]
[SourceVersion "1"]
[SourceVersionDate "2021.10.24"]
[SourceQuality "1"]

1. e4 e5 2. Nf3 Nf6 3. Nxe5 d6 4. Nf3 Nxe4 5. Qe2 Qe7 6. d3 Nf6 7. Nc3 Nc6 8. Bg5 Be6 9. 0-0-0 d5 10. d4 h6 11. Bxf6 gxf6 12. a3 0-0-0 13. Kb1 Kb8 14. g3 h5 15. Qe1 Bg7 16. Na4 Bg4 17. Qc3 Bxf3 18. Qxf3 f5 19. c3 Qe4+ 20. Rd3 Bf8 21. Bh3 b5 22. Qd1 f4 23. Nc5 Bxc5 24. Re1 Qg6 25. dxc5 fxg3 26. fxg3 d4 27. Qc2 h4 28. Bg2 hxg3 29. hxg3 dxc3 30. Be4 Qf6 31. Rf3 Qe5 32. Rfe3 Qf6 33. Rf3 Qe5 34. Rfe3 Qf6 35. Rf3 1/2-1/2

[Event "OP-2020-0-05028"]
[Site "LSS email"]
[Date "2020.09.28"]
[Round "?"]
[White "Jokmin, Guido"]
[Black "Johanson, Frans"]
[Result "0-1"]
[WhiteElo "674"]
[BlackElo "1870"]
[PlyCount "32"]
[EventDate "2020.09.28"]
[EventType "tourn (corr)"]
[EventRounds "4"]
[EventCountry "GER"]
[SourceTitle "Corr 2022"]
[Source "ChessBase"]
[SourceDate "2021.10.24"]
[SourceVersion "1"]
[SourceVersionDate "2021.10.24"]
[SourceQuality "1"]

1. e4 e5 2. Nf3 Nf6 3. Nxe5 d6 4. Nf3 Nxe4 5. d3 Nf6 6. Be2 Be7 7. 0-0 0-0 8. Nc3 Nc6 9. a3 d5 10. Bf4 Re8 11. Nb5 a6 12. Nxc7 Nh5 13. Nxa8 Nxf4 14. Qd2 Bg5 15. Nxg5 Qxg5 16. Bf3 Nh3+ 0-1